Keynes Hayek <the> clash that defined modern economics

Enregistré dans:
Détails bibliographiques
Auteur principal: Wapshott, Nicholas
Format: Livre
Langue:anglais
Publié: New York W. W. Norton & Company 2012
Sujets:
Tags: Ajouter un tag
Pas de tags, Soyez le premier à ajouter un tag!

MARC

LEADER 00000nam a2200000 4500
001 0208471
005 20230109095832.5
020 |a 978-0-393-34363-2 
041 0 |a eng 
044 |a US 
245 1 0 |a Keynes Hayek  |b <the> clash that defined modern economics  |c Nicholas Wapshott 
264 1 |a New York  |b W. W. Norton & Company  |c 2012 
300 |a xiv, 382 s. 
610 2 0 |a teórie ekonomické 
610 2 0 |a myslenie ekonomické 
610 2 0 |a dejiny teórií ekonomických 
610 2 0 |a dejiny myslenia ekonomického 
610 2 0 |a keynesizmus 
610 2 0 |a nezamestnanosť 
610 2 0 |a recesia 
100 1 |a Wapshott, Nicholas